1933 1987 1252 1524 1384 1241 1179 1364 1815 1461 1668 1521 1991 1428 1318 1965 1416 1410 1403 1007 1452 1934 1881 1189 1253 1169 1555 1811 1143 1117 1381 1713 1033 1466 1056 1224 1722 1138 1455 1298 1979 1629 1158 1079 1678 1764 1278 1856 1599 1748 1795 1162 1129 1119 1629 1293 1887 1141 1361 1347 1417 1097 1586 1007 1275 1840 1728 1587 1303 1442 1124 1540 1657 1055 1902 1056 1512 1014 1108 1283 1777 1453 1125 1362 1747 1360 1539 1881 1581 1213 1338 1801 1425 1949 1836 1917 1355 1117 1410 BCNSPRNW ULIB Ver.6.0+V

เปลี่ยนเป็นภาษาไทย

Change to English
 แสดงรายละเอียดบรรณานุกรม
  กลับหน้าหลัก

Brief Record : Get Marc (ISO 2709) : E-mail record : QR code < ปิดหน้าต่าง
LEADER : 00000nam 2200000uu 4500
001    13399122435
003     ULIB
008    130523s||||||||th 000 0 tha d
020    ^a9789741107599
060 04 ^aWY159^bบ251ต 2550
245 00 ^aตำราการพยาบาลเด็ก /^cโดยคณาจารย์ภาควิชาการพยาบาลกุมารเวชศาสตร์ คณะพยาบาลศาสตร์ มหาวิทยาลัยมหิดล ; บรรณาธิการ, บัญจางค์ สุขเจริญ ... [และคนอืนๆ]
250    ^aพิมพ์ครั้งที่ 1
260    ^aกรุงเทพฯ :^bภาควิชาการพยาบาลกุมารเวชศาสตร์ คณะพยาบาลศาสตร์มหาวิทยาลัยมหิดล,^c2550
300    ^axii, 958 หน้า :^bภาพประกอบ ;^c30 ซม.
650  7 ^aการพยาบาลกุมารเวชศาสตร์
700 0  ^aบัญจางค์ สุขเจริญ,^eบรรณาธิการ
710 2  ^aมหาวิทยาลัยมหิดล. ^bคณะพยาบาลศาสตร์.^bภาควิชาการพยาบาลกุมารเวชศาสตร์
945    ^p580^l0^i14282
945    ^p580^l0^i15784
945    ^p580^l0^i15785
945    ^p580^l0^i14710
995    ^aกัณชพร
999 ^a ใช้งานได้ทุกระบบ
รายการนี้ยังไม่มีแท็ก
คุณยังไม่ได้ล็อกอิน คุณสามารถมีกิจกรรมร่วมกับเว็บไซต์ได้ แต่ต้องล็อกอินก่อน ::
  ล็อกอิน

รายการสื่อสารสนเทศ

ลำดับที่ ประเภท เลขเรียก/บาร์โค้ด สถานที่ สถานะ
1. Book การพยาบาล
Book การพยาบาล
WY159 บ251ต 2550  
  Barcode: 14282
ห้องสมุดวิทยาเขตสวรรค์ประชารักษ์
►ส่วนจัดเก็บหนังสือเก่า สปร
บนชั้น
  ขอยืม
2. วิทยาศาสตร์การแพทย์ และสุขภาพ
วิทยาศาสตร์การแพทย์ และสุขภาพ
WY159 บ251ต 2550 ฉ.4 
  Barcode: 14710
ห้องสมุดวิทยาเขตนครสวรรค์
►ส่วนจัดเก็บหนังสือเก่า นว.
บนชั้น
  ขอยืม

รายการใกล้เคียง
    หัวเรื่อง [การพยาบาลกุมารเวชศาสตร์]

BibComment


ยังไม่เคยถูกคอมเมนท์

คอมเมนท์ทรัพยากรรายการนี้
  คอมเมนท์: ตำราการพยาบาลเด็..


 Copyright 2026. Bcnsprnw @Library